00546nam a22000977a 4500008004100000010001200041245008900053260000900142500014800151500014900299110616t xxu||||| |||| 00| 0 eng d aCACAF46 aCourt of Appeal Criminal Appeal No. 56 OF 2000 Janet Mureeba and 2 others Vs Uganda  c2000 aCoram: Hon. Lady Justice A.E.N. Mpagi-Bahigeine, JA Hon. Mr. Justice S.G. Engwau, JA Hon. Lady Justice C.N.B. Kitumba, JA aAn Appeal from both the convictions and sentences of the High Court at Kampala Kania J., dated 4.8.2000 in Criminal Session Case No. 511 of 1999